000 00797nam a2200253Ia 4500
003 GCL
008 140319s9999 xx 000 0 ara d
040 _aGCL /
_cGCL
082 0 4 _a923.9
_bا ن
100 1 _aاحمد طربين
245 1 0 _aالندوة العلمية لاحياء تراث ابن ماجد /
_cاحمد طربين
700 1 _aابراهيم خورى
700 1 _aفالح حنظل
260 _a[S.N] :
_bاتحاد كتاب وادباء الامارات ،
_c1989
300 _a208 ص
490 _a
650 0 4 _aالتراجم
650 0 4 _aالرحالة العرب
650 0 4 _aالعلوم عند العرب
650 0 4 _aالجغرافيا الفلكية
650 0 4 _aابن ماجد
650 0 4 _aالجغرافيون العرب
942 _2ddc
_cBK
999 _c35613
_d35613